[Event "XXXV Miedzynarodowy Turniej Szachowy o Puchar Wojewody Dolnoslaskiego"]
[Site "Legnica"]
[Date "1899-12-30"]
[Round "1.1"]
[White "Kantans, Toms"]
[Black "Hnydiuk, Aleksander"]
[Result "1/2-1/2"]
[WhiteTitle "GM"]
[BlackTitle "IM"]
[WhiteElo "2490"]
[BlackElo "2423"]

1. e4 Nf6 2. e5 Nd5 3. d4 d6 4. Nf3 dxe5 5. Nxe5 c6 6. Bd3 Nd7 7. Nf3 N7f6 8. a3
Bg4 9. O-O e6 10. h3 Bh5 11. c4 Nb6 12. Be3 Be7 13. Nc3 O-O 14. Re1 Qc7 15. Bf1
Rfd8 16. g4 Bg6 17. Qb3 Nbd7 18. Rad1 Ne4 19. Ne2 h6 20. Bg2 Bd6 21. c5 Bf8 22.
Bf4 Qc8 23. Ne5 Nxe5 24. Bxe5 Nf6 25. Nf4 Bh7 26. Bxf6 gxf6 27. Nh5 Bg7 28. Qf3
f5 29. b4 Qc7 30. Nxg7 Kxg7 31. b5 fxg4 32. Qxg4+ Bg6 33. bxc6 bxc6 34. Re3 Rd7
35. h4 h5 36. Qg5 Rad8 37. Rf3 Rd5 38. Qf6+ Kh7 39. Rf4 Rxc5 40. Bf3 Rf5 41. Rxf5
Bxf5 42. Kf1 Bg6 43. Qe5 Qxe5 44. dxe5 Rxd1+ 45. Bxd1 Bd3+ 46. Ke1 Kg6 47. Kd2
Bf1 48. Bc2+ Kg7 49. Kc3 c5 50. Be4 Be2 51. Bc2 f6 1/2-1/2

[Event "XXXV Miedzynarodowy Turniej Szachowy o Puchar Wojewody Dolnoslaskiego"]
[Site "Legnica"]
[Date "1899-12-30"]
[Round "1.3"]
[White "Dhulipalla, Bala Chandra Prasad"]
[Black "Polok, Kacper"]
[Result "1-0"]
[WhiteTitle "IM"]
[BlackTitle "FM"]
[WhiteElo "2414"]
[BlackElo "2336"]

1. d4 Nf6 2. c4 e6 3. g3 Bb4+ 4. Bd2 Qe7 5. Nf3 Nc6 6. Nc3 Bxc3 7. Bxc3 Ne4 8.
Rc1 d6 9. d5 Nxc3 10. Rxc3 Nb8 11. dxe6 Bxe6 12. Nd4 O-O 13. Bg2 c5 14. Nxe6 fxe6
15. Rd3 Rd8 16. Re3 Kh8 17. Bd5 e5 18. Rf3 Qc7 19. Rf7 Nd7 20. Qa4 Rab8 21. b3
a6 22. Be6 b5 23. cxb5 axb5 24. Qg4 Qa5+ 25. Kf1 g6 26. Qh4 1-0

[Event "XXXV Miedzynarodowy Turniej Szachowy o Puchar Wojewody Dolnoslaskiego"]
[Site "Legnica"]
[Date "1899-12-30"]
[Round "1.4"]
[White "Solodovnichenko, Yuri"]
[Black "Cyborowski, Lukasz"]
[Result "0-1"]
[WhiteTitle "GM"]
[BlackTitle "GM"]
[WhiteElo "2584"]
[BlackElo "2509"]

1. e4 e5 2. Nf3 Nf6 3. d4 Nxe4 4. dxe5 Bc5 5. Bc4 Nxf2 6. Bxf7+ Kxf7 7. Qd5+ Kg6
8. Qxc5 Nxh1 9. Nc3 h6 10. Qc4 Kh7 11. Qe4+ Kg8 12. Nd5 c6 13. Nf6+ Kf8 14. Nh4
d5 15. Ng6+ Kf7 16. Qf3 gxf6 17. Qh5 Rh7 18. Bxh6 Bg4 19. Nh8+ Kg8 20. Qxg4+ Kxh8
21. exf6 Qd7 22. Qg5 Na6 23. O-O-O Nc5 24. Bg7+ Kg8 25. Bh6+ Kh8 26. Bg7+ Rxg7
27. fxg7+ Qxg7 28. Qh4+ Kg8 29. Rxh1 Ne4 30. Kb1 Rf8 31. a3 Qg5 32. Qe1 Rf2 33.
Qa5 a6 34. Qb6 Rf7 35. h4 Qg3 36. h5 Kh7 37. Ka2 Qf2 38. Qb3 Qxg2 39. Re1 Qf3
40. Re3 Qf1 41. c4 Qf5 42. cxd5 Nc5 0-1

[Event "XXXV Miedzynarodowy Turniej Szachowy o Puchar Wojewody Dolnoslaskiego"]
[Site "Legnica"]
[Date "1899-12-30"]
[Round "1.5"]
[White "Goluch, Piotr"]
[Black "Grela, Kacper"]
[Result "1/2-1/2"]
[WhiteTitle "IM"]
[BlackTitle "FM"]
[WhiteElo "2415"]
[BlackElo "2369"]

1. d4 d5 2. c4 dxc4 3. Nf3 Nf6 4. e3 e6 5. Bxc4 a6 6. a4 c5 7. O-O Nc6 8. Qe2 Qc7
9. Nc3 Bd6 10. d5 exd5 11. Nxd5 Nxd5 12. Bxd5 O-O 13. h3 b6 14. e4 Bb7 15. e5
Be7 16. Qe4 Nd8 17. Bxb7 Qxb7 18. Qg4 Ne6 19. Be3 Rad8 20. Nd2 Rd3 21. Ra3 Rfd8
22. Rxd3 Rxd3 23. Qe2 Qd5 24. Rc1 b5 25. axb5 axb5 26. b3 h6 27. Kh1 Bg5 28. Rc2
Bf4 29. Kg1 Bxe5 30. Qg4 f5 31. Qg6 c4 32. bxc4 bxc4 33. g3 c3 34. Qxf5 cxd2 35.
Bxd2 Bf6 36. Qxd5 Rxd5 37. Be3 Bd4 38. Bxd4 Nxd4 39. Rc8+ Kf7 40. h4 Ra5 41. Kg2
Ra2 42. Rc5 Kf6 43. Rd5 Nf5 44. Rb5 Ne3+ 45. Kg1 Ra1+ 46. Kh2 Ng4+ 47. Kg2 Ra2
48. Rb6+ Ke5 49. Rb5+ Kd6 50. Rb6+ Kd5 51. Rg6 Rxf2+ 52. Kg1 h5 53. Rxg7 Rf5 54.
Kg2 Ne3+ 55. Kh3 Ke4 56. Re7+ Kf3 57. Re8 Kf2 58. Ra8 Rf7 59. Ra2+ Kf3 60. Ra3
Rg7 61. Kh2 Rb7 62. Ra8 Rb2+ 63. Kh3 Ng4 64. Rf8+ Ke4 65. Rf4+ Kd3 66. Rd4+ Kc3
67. Rc4+ Kd3 1/2-1/2

[Event "XXXV Miedzynarodowy Turniej Szachowy o Puchar Wojewody Dolnoslaskiego"]
[Site "Legnica"]
[Date "1899-12-30"]
[Round "2.1"]
[White "Hnydiuk, Aleksander"]
[Black "Grela, Kacper"]
[Result "1/2-1/2"]
[WhiteTitle "IM"]
[BlackTitle "FM"]
[WhiteElo "2423"]
[BlackElo "2369"]

1. Nf3 d5 2. d4 Nf6 3. c4 dxc4 4. e3 e6 5. Bxc4 a6 6. O-O c5 7. Nc3 Nc6 8. a3 Qc7
9. Qe2 Bd6 10. dxc5 Bxc5 11. b4 Bd6 12. Bb2 O-O 13. Rac1 e5 14. Ng5 Bf5 15. Nd5
Nxd5 16. Bxd5 Qe7 17. Ne4 Bxe4 18. Bxe4 a5 19. b5 Na7 20. Qd3 h6 21. Bxb7 Rab8
22. Bc6 a4 23. Qe4 Nxc6 24. Qxc6 Bxa3 25. Bxa3 Qxa3 26. b6 Qe7 27. Qc7 Qxc7 28.
bxc7 Ra8 29. Rc3 Rfc8 30. Ra1 a3 31. Kf1 1/2-1/2

[Event "XXXV Miedzynarodowy Turniej Szachowy o Puchar Wojewody Dolnoslaskiego"]
[Site "Legnica"]
[Date "1899-12-30"]
[Round "2.2"]
[White "Cyborowski, Lukasz"]
[Black "Goluch, Piotr"]
[Result "1/2-1/2"]
[WhiteTitle "GM"]
[BlackTitle "IM"]
[WhiteElo "2509"]
[BlackElo "2415"]

1. Nf3 Nf6 2. d4 d5 3. Bf4 c5 4. e3 Nc6 5. c3 Qb6 6. Qb3 c4 7. Qc2 Bf5 8. Qc1 h6
9. Nbd2 Rc8 10. Be2 e6 11. O-O Qa5 12. Ne5 Be7 13. Bf3 O-O 14. Re1 Nxe5 15. Bxe5
Rfd8 16. Bxf6 Bxf6 17. Bd1 b5 18. a3 e5 19. dxe5 Bxe5 20. Bc2 Be6 21. Nf3 Bf6
22. Nd4 Qb6 23. Qd2 a5 24. Nxe6 Qxe6 25. Bd1 b4 26. axb4 axb4 27. Bf3 Qe5 28.
Rec1 Rb8 29. Ra5 bxc3 30. bxc3 Qxc3 31. Qxc3 Bxc3 32. Rxd5 Rxd5 33. Bxd5 Bd2 34.
Ra1 Bc3 1/2-1/2

[Event "XXXV Miedzynarodowy Turniej Szachowy o Puchar Wojewody Dolnoslaskiego"]
[Site "Legnica"]
[Date "1899-12-30"]
[Round "2.3"]
[White "Polok, Kacper"]
[Black "Solodovnichenko, Yuri"]
[Result "0-1"]
[WhiteTitle "FM"]
[BlackTitle "GM"]
[WhiteElo "2336"]
[BlackElo "2584"]

1. e4 c5 2. Nc3 Nc6 3. Bb5 Nd4 4. Bc4 e6 5. Nf3 Nf6 6. O-O a6 7. d3 b5 8. Bb3 Nxb3
9. axb3 Bb7 10. e5 Nd5 11. Nxd5 Bxd5 12. c4 Bb7 13. d4 cxd4 14. Nxd4 Bc5 15. Nc2
Qc7 16. Qe2 O-O 17. b4 Qc6 18. Qg4 f5 19. Qh3 Be7 20. c5 Qe4 21. Ne3 f4 22. Ng4
h5 23. f3 hxg4 0-1

[Event "XXXV Miedzynarodowy Turniej Szachowy o Puchar Wojewody Dolnoslaskiego"]
[Site "Legnica"]
[Date "1899-12-30"]
[Round "2.4"]
[White "Sieciechowicz, Marcin"]
[Black "Dhulipalla, Bala Chandra Prasad"]
[Result "1/2-1/2"]
[WhiteTitle "IM"]
[BlackTitle "IM"]
[WhiteElo "2366"]
[BlackElo "2414"]

1. d4 d5 2. c4 c6 3. Nf3 Nf6 4. Nc3 dxc4 5. a4 e6 6. e3 c5 7. Bxc4 cxd4 8. Nxd4
Bb4 9. O-O O-O 10. Be2 e5 11. Nc2 Bxc3 12. bxc3 Bf5 13. Na3 Nc6 14. Nc4 Qc7 15.
Qd6 Rfc8 16. Qxc7 Rxc7 17. Nd6 Bg4 18. f3 Be6 19. e4 Na5 20. Nb5 Rd7 21. Be3 a6
22. Na3 Rc8 23. Rac1 Nb3 24. Rc2 Rdc7 25. c4 Nd7 26. Rb1 Ndc5 27. Rcb2 Na5 28.
Bd2 Nc6 29. Be3 Na5 30. Bd2 Nc6 31. Be3 Nd4 32. Bf1 Rd7 33. a5 f6 34. Bf2 Bf7
35. Rb4 Rcc7 36. R1b2 Nde6 37. Nb1 Nd3 38. Bxd3 Rxd3 39. h3 Rdd7 40. Be3 Nd8 41.
Bb6 Nc6 42. Bxc7 Nxb4 43. Rxb4 Rxc7 44. Nd2 1/2-1/2

[Event "XXXV Miedzynarodowy Turniej Szachowy o Puchar Wojewody Dolnoslaskiego"]
[Site "Legnica"]
[Date "1899-12-30"]
[Round "3.2"]
[White "Dhulipalla, Bala Chandra Prasad"]
[Black "Kantans, Toms"]
[Result "1-0"]
[WhiteTitle "IM"]
[BlackTitle "GM"]
[WhiteElo "2414"]
[BlackElo "2490"]

1. d4 Nf6 2. c4 g6 3. g3 Bg7 4. Bg2 c5 5. dxc5 Na6 6. Nf3 Nxc5 7. Nc3 d6 8. O-O
O-O 9. Nd4 Qb6 10. b3 a5 11. Bg5 e6 12. Ndb5 d5 13. Bf4 Bd7 14. Bc7 Qa6 15. Be5
Rac8 16. Nd6 Rc6 17. Qd4 Nh5 18. Bxg7 Nxg7 19. cxd5 e5 20. Qe3 Rxd6 21. Qxc5 Rc8
22. Qe3 Nf5 23. Qd2 a4 24. Ne4 Rb6 25. e3 Kg7 26. b4 a3 27. Nc5 Qb5 28. Rfc1 Rd8
29. Rab1 Bc8 30. Qc3 Qe8 31. Qxa3 Rbd6 32. Qb2 f6 33. e4 Nd4 34. Nb3 Nxb3 35.
Qxb3 b5 36. Rc7+ Bd7 37. Bh3 f5 38. exf5 Kg8 39. f6 Rxf6 40. Bg2 Qf8 41. Qe3 Qd6
42. Qc5 Ra8 43. Rb2 Ra3 44. Re2 Rd3 45. h4 Rd1+ 46. Kh2 e4 47. Qxd6 Rxd6 48. Bxe4
Rd4 49. a3 Kf8 50. Rc3 Ra6 51. Bg2 Bf5 52. Rf3 h5 53. Rc3 Kf7 54. Bf3 Rc4 55.
Ree3 Rxc3 56. Rxc3 Ke7 57. Kg2 Ra7 58. Be2 Bd7 59. Bd3 Kf6 60. Kf3 g5 61. Ke4
1-0

[Event "XXXV Miedzynarodowy Turniej Szachowy o Puchar Wojewody Dolnoslaskiego"]
[Site "Legnica"]
[Date "1899-12-30"]
[Round "3.3"]
[White "Solodovnichenko, Yuri"]
[Black "Sieciechowicz, Marcin"]
[Result "0-1"]
[WhiteTitle "GM"]
[BlackTitle "IM"]
[WhiteElo "2584"]
[BlackElo "2366"]

1. e4 e6 2. d4 d5 3. Nc3 Nf6 4. e5 Nfd7 5. Nce2 c5 6. c3 Nc6 7. Nf3 cxd4 8. cxd4
f6 9. exf6 Nxf6 10. Nc3 Bd6 11. Bb5 O-O 12. O-O Bd7 13. Re1 Rc8 14. Bg5 Qc7 15.
Bh4 Na5 16. Ne5 Bxb5 17. Nxb5 Qb6 18. Bxf6 Qxb5 19. Bxg7 Kxg7 20. Qg4+ Kh8 21.
Qxe6 Bb4 22. Re3 Qe8 23. Qxd5 Rd8 24. Qe4 Nc6 25. Rh3 Rd7 26. Ng6+ Kg8 27. Qh4
Qxg6 28. Rg3 Rxd4 29. Rxg6+ hxg6 30. Qh6 Rd6 31. Qe3 Ba5 32. Qb3+ Rf7 33. Kh1
Kg7 34. Rf1 Bb6 35. f4 Nd4 36. Qc4 Nf5 37. g3 Rc7 38. Qb5 Rc2 0-1

[Event "XXXV Miedzynarodowy Turniej Szachowy o Puchar Wojewody Dolnoslaskiego"]
[Site "Legnica"]
[Date "1899-12-30"]
[Round "3.4"]
[White "Goluch, Piotr"]
[Black "Polok, Kacper"]
[Result "1/2-1/2"]
[WhiteTitle "IM"]
[BlackTitle "FM"]
[WhiteElo "2415"]
[BlackElo "2336"]

1. d4 e6 2. Nf3 f5 3. g3 Nf6 4. Bg2 d5 5. O-O Bd6 6. c4 c6 7. Qc2 O-O 8. Nbd2 Nbd7
9. Ne1 b6 10. Nd3 Bb7 11. Nf3 Rc8 12. Bf4 Qe7 13. Bxd6 Qxd6 14. c5 bxc5 15. dxc5
Qc7 16. Qc3 Rfe8 17. Nfe5 Ne4 18. Bxe4 dxe4 19. Nxd7 exd3 20. Ne5 dxe2 21. Rfe1
Ba6 22. Nc4 Bxc4 23. Qxc4 Rcd8 24. Rxe2 Rd5 25. Rae1 e5 26. Rd2 Qf7 27. Red1 Rxd2
28. Qxf7+ Kxf7 29. Rxd2 e4 30. Kf1 Re5 31. b4 Rd5 32. Rxd5 1/2-1/2

[Event "XXXV Miedzynarodowy Turniej Szachowy o Puchar Wojewody Dolnoslaskiego"]
[Site "Legnica"]
[Date "1899-12-30"]
[Round "3.5"]
[White "Grela, Kacper"]
[Black "Cyborowski, Lukasz"]
[Result "1/2-1/2"]
[WhiteTitle "FM"]
[BlackTitle "GM"]
[WhiteElo "2369"]
[BlackElo "2509"]

1. d4 d5 2. c4 e6 3. Nc3 Nf6 4. Nf3 Be7 5. Bf4 O-O 6. e3 Nbd7 7. c5 Nh5 8. Bd3
c6 9. O-O Nxf4 10. exf4 b6 11. b4 Qc7 12. g3 a5 13. a3 Ba6 14. Bxa6 Rxa6 15. Qe2
Raa8 16. Rfb1 Bf6 17. Ne5 Bxe5 18. fxe5 axb4 19. axb4 Qb7 20. Rxa8 Rxa8 21. Rb2
h6 22. Ra2 bxc5 23. bxc5 Rxa2 24. Qxa2 Qb4 25. Ne2 Nf8 26. Qc2 Ng6 27. Qd3 Ne7
28. Kg2 Nf5 29. h3 Kh8 30. Kh2 Qe1 31. Kg2 Qa1 32. Nc3 Qa3 33. Kh2 g5 34. Kg2
Kg7 35. Kh2 Kf8 36. Kg2 Kg8 37. Kh2 Qb3 38. Kg2 Qa3 39. Kh2 Kg7 40. Kg2 Kf8 41.
Kh2 Ke8 42. Kg2 Qb3 43. Kh2 Qa3 44. Kg2 Qb3 45. Kh2 h5 46. Kg2 g4 47. hxg4 hxg4
48. Kh2 Qc4 49. Qxc4 dxc4 50. Ne2 c3 51. Nxc3 Nxd4 52. f4 gxf3 53. Kg1 Nc2 54.
Nd1 f6 55. exf6 Kf7 56. Kf2 Nd4 57. Ke3 e5 58. Nf2 Kxf6 59. Ng4+ Ke6 60. Ke4 Nb3
61. Kxf3 Nxc5 62. Ne3 Nb7 63. Nd1 Nd6 64. Nc3 c5 65. Ke3 Kf5 66. Nd5 c4 67. Nb6
c3 68. g4+ Kg5 69. Nd5 Nb5 70. Nb4 Kxg4 71. Ke4 Nd4 72. Nd3 Nf3 73. Nb4 Nd4 74.
Nd3 Nf3 75. Nb4 Nd4 1/2-1/2

[Event "XXXV Miedzynarodowy Turniej Szachowy o Puchar Wojewody Dolnoslaskiego"]
[Site "Legnica"]
[Date "1899-12-30"]
[Round "4.1"]
[White "Hnydiuk, Aleksander"]
[Black "Cyborowski, Lukasz"]
[Result "1/2-1/2"]
[WhiteTitle "IM"]
[BlackTitle "GM"]
[WhiteElo "2423"]
[BlackElo "2509"]

1. d4 d5 2. c4 e6 3. Nf3 Nf6 4. Nc3 Nbd7 5. g3 dxc4 6. Bg2 c6 7. a4 Bb4 8. O-O
O-O 9. Bg5 h6 10. Bxf6 Nxf6 11. Ne5 c5 12. dxc5 Bxc5 13. Qxd8 Rxd8 14. Rfd1 Rxd1+
15. Rxd1 Kf8 16. a5 Ke7 17. a6 Rb8 18. Kf1 Bb6 19. Nb5 Nd7 20. Nxc4 bxa6 21. Nbd6
Bc7 22. e3 a5 23. Nxc8+ Rxc8 24. Ra1 Rb8 25. Nxa5 Bxa5 26. Rxa5 Rxb2 27. Rxa7
Rb1+ 28. Ke2 Rb2+ 29. Ke1 Rb1+ 30. Ke2 Rb2+ 1/2-1/2

[Event "XXXV Miedzynarodowy Turniej Szachowy o Puchar Wojewody Dolnoslaskiego"]
[Site "Legnica"]
[Date "1899-12-30"]
[Round "4.2"]
[White "Polok, Kacper"]
[Black "Grela, Kacper"]
[Result "1/2-1/2"]
[WhiteTitle "FM"]
[BlackTitle "FM"]
[WhiteElo "2336"]
[BlackElo "2369"]

1. e4 c5 2. Nf3 Nc6 3. Bb5 d6 4. O-O Bd7 5. c3 a6 6. Ba4 Nf6 7. Re1 b5 8. Bc2 e5
9. d4 Be7 10. d5 Na5 11. Nbd2 O-O 12. Nf1 Re8 13. h3 Bf8 14. N3h2 c4 15. g4 g6
16. Ng3 Kh8 17. Qf3 Bg7 18. Kh1 Nb7 19. Rg1 Nc5 20. Bg5 h6 21. Bd2 Nh7 22. Ne2
Rf8 23. Rg3 Qe7 24. Rag1 Rae8 25. Nf1 Bc8 26. Ne3 Bf6 27. Ng2 Bg5 28. Be3 Bxe3
29. Nxe3 Qh4 30. Ng2 Qf6 31. Qe3 Qg5 32. b4 Qxe3 33. Rxe3 Nd7 34. a4 Bb7 35. Ng3
Nb6 36. Ra1 Ra8 37. Ree1 Kg7 38. a5 Nd7 39. Ne3 Kf6 40. Kg2 Ke7 41. h4 Rae8 42.
Rh1 Kf6 43. Rh2 Kg7 44. Rah1 Rh8 45. Ne2 Bc8 46. f3 Ndf6 47. Ng3 1/2-1/2

[Event "XXXV Miedzynarodowy Turniej Szachowy o Puchar Wojewody Dolnoslaskiego"]
[Site "Legnica"]
[Date "1899-12-30"]
[Round "4.3"]
[White "Sieciechowicz, Marcin"]
[Black "Goluch, Piotr"]
[Result "1/2-1/2"]
[WhiteTitle "IM"]
[BlackTitle "IM"]
[WhiteElo "2366"]
[BlackElo "2415"]

1. d4 Nf6 2. c4 e6 3. Nc3 Bb4 4. e3 O-O 5. Bd2 Re8 6. Nf3 d5 7. Rc1 b6 8. cxd5
exd5 9. Bd3 c5 10. dxc5 bxc5 11. Ne2 Qb6 12. Bxb4 Qxb4+ 13. Qd2 a5 14. O-O Ba6
15. Bxa6 Nxa6 16. Rfd1 Rab8 17. Qxb4 axb4 18. Nf4 Rbd8 19. g4 h6 20. h4 d4 21.
g5 hxg5 22. hxg5 Nd5 23. Nxd5 Rxd5 24. exd4 Re2 25. dxc5 Rxd1+ 26. Rxd1 Rxb2 27.
Rd8+ Kh7 28. g6+ fxg6 29. Ng5+ Kh6 30. Ne4 Kh5 31. f3 g5 32. Ng3+ Kh4 33. Nf5+
Kh5 34. Ng3+ Kh4 35. Nf5+ Kh5 36. Nxg7+ Kg6 37. Rd6+ Kxg7 38. Rxa6 Rc2 39. c6
Kf7 40. Kf1 Ke6 1/2-1/2

[Event "XXXV Miedzynarodowy Turniej Szachowy o Puchar Wojewody Dolnoslaskiego"]
[Site "Legnica"]
[Date "1899-12-30"]
[Round "4.4"]
[White "Kantans, Toms"]
[Black "Solodovnichenko, Yuri"]
[Result "0-1"]
[WhiteTitle "GM"]
[BlackTitle "GM"]
[WhiteElo "2490"]
[BlackElo "2584"]

1. e4 c5 2. Nf3 e6 3. d4 cxd4 4. Nxd4 Nc6 5. Nc3 d6 6. Be3 a6 7. g4 Bd7 8. g5 b5
9. h4 Nge7 10. Nb3 b4 11. Ne2 Ne5 12. Ng3 Qc7 13. a3 bxa3 14. Rxa3 Nc4 15. Bxc4
Qxc4 16. Nd2 Qb5 17. Rb3 Qa4 18. O-O Rc8 19. c4 Ng6 20. f4 e5 21. f5 Nf4 22. Bxf4
exf4 23. Nh5 d5 24. exd5 Bc5+ 25. Kg2 O-O 26. Rxf4 Be3 27. Rf3 Bxd2 28. Qxd2 Rxc4
29. Nf4 Bxf5 30. Kg3 Rc2 31. Qe1 Qd4 32. Rfc3 Rxc3+ 33. Rxc3 f6 34. Qe3 Qd1 35.
Qe2 Qg1+ 36. Qg2 Qb6 37. Qf2 Qb8 38. gxf6 Rxf6 39. Rc6 Rf8 40. d6 Bd7 41. Rc7
Rf7 42. Qe3 Qb5 43. Qe4 g5 44. Qa8+ Kg7 45. Ng2 Qe5+ 0-1

[Event "XXXV Miedzynarodowy Turniej Szachowy o Puchar Wojewody Dolnoslaskiego"]
[Site "Legnica"]
[Date "1899-12-30"]
[Round "5.1"]
[White "Dhulipalla, Bala Chandra Prasad"]
[Black "Hnydiuk, Aleksander"]
[Result "1/2-1/2"]
[WhiteTitle "IM"]
[BlackTitle "IM"]
[WhiteElo "2414"]
[BlackElo "2423"]

1. d4 Nf6 2. c4 g6 3. g3 Bg7 4. Bg2 d5 5. cxd5 Nxd5 6. Nf3 O-O 7. O-O c5 8. e4
Nf6 9. e5 Nd5 10. dxc5 Na6 11. Qd4 Ndb4 12. Qh4 Nc2 13. Bg5 Qd7 14. Bxe7 Re8 15.
Bd6 Nxa1 16. Na3 Qg4 17. Rxa1 Qxh4 18. Nxh4 Bxe5 19. Re1 Nxc5 20. Rxe5 Rxe5 21.
Bxe5 Be6 22. Bd4 Nd3 23. Nb5 Rd8 24. Bf6 Rc8 25. Bc3 Nxb2 26. Bxb2 Rc2 27. Ba3
Rxa2 28. Bxb7 Bh3 29. f4 Bd7 30. Nxa7 Rxa3 31. Nc6 Rb3 32. Ba8 Ra3 33. Ne5 Ra1+
34. Kf2 Ra2+ 35. Kg1 Ra1+ 36. Kf2 Ra2+ 37. Ke3 Be6 38. Be4 Rxh2 39. Bg2 Bh3 40.
Bd5 Be6 41. Bg2 Bh3 42. Bd5 Be6 43. Nhf3 Rg2 44. Bxe6 fxe6 45. g4 Ra2 46. Nd4
Ra3+ 47. Ke4 h5 48. gxh5 gxh5 49. Nxe6 Ra4+ 50. Nd4 h4 51. f5 h3 52. Nef3 1/2-1/2

[Event "XXXV Miedzynarodowy Turniej Szachowy o Puchar Wojewody Dolnoslaskiego"]
[Site "Legnica"]
[Date "1899-12-30"]
[Round "5.3"]
[White "Goluch, Piotr"]
[Black "Kantans, Toms"]
[Result "1-0"]
[WhiteTitle "IM"]
[BlackTitle "GM"]
[WhiteElo "2415"]
[BlackElo "2490"]

1. e4 c5 2. Nf3 d6 3. Bb5+ Nd7 4. d4 cxd4 5. Qxd4 a6 6. Bxd7+ Bxd7 7. Nc3 Rc8 8.
O-O e6 9. Bg5 Qa5 10. Rad1 Qc5 11. Qd2 b5 12. Rfe1 h6 13. Be3 Qc6 14. Bd4 Nf6
15. Bxf6 gxf6 16. Nd5 Be7 17. Nd4 Qb7 18. Nxe7 Kxe7 19. Nf5+ exf5 20. Qxd6+ Kd8
21. Qxf6+ Kc7 22. Rxd7+ Kxd7 23. Rd1+ Ke8 24. Qxh8+ Ke7 25. Qe5+ Kf8 26. Qxf5
Rxc2 27. Qf6 Rc8 28. Qxh6+ Ke8 29. h3 b4 30. e5 Qc6 31. Qh8+ Ke7 32. Qh4+ Ke8
33. Qxb4 1-0

[Event "XXXV Miedzynarodowy Turniej Szachowy o Puchar Wojewody Dolnoslaskiego"]
[Site "Legnica"]
[Date "1899-12-30"]
[Round "5.4"]
[White "Grela, Kacper"]
[Black "Sieciechowicz, Marcin"]
[Result "0-1"]
[WhiteTitle "FM"]
[BlackTitle "IM"]
[WhiteElo "2369"]
[BlackElo "2366"]

1. c4 c6 2. d4 d5 3. Nc3 Nf6 4. Nf3 e6 5. g3 dxc4 6. Bg2 Nbd7 7. O-O b5 8. e4 Bb7
9. e5 Nd5 10. Ng5 Be7 11. Qh5 g6 12. Qh6 Bf8 13. Qh3 Nxc3 14. bxc3 Be7 15. Qh6
Bf8 16. Qh3 Be7 17. Ne4 h5 18. a4 a5 19. axb5 cxb5 20. Nd6+ Bxd6 21. Bxb7 Rb8
22. exd6 Rxb7 23. d5 e5 24. f4 Qb6+ 25. Rf2 e4 26. g4 Qxd6 27. Rxa5 Qxd5 28. Ra8+
Rb8 29. Rxb8+ Nxb8 30. gxh5 Qd1+ 31. Rf1 Qxh5 32. Qc8+ Ke7 33. Qc7+ Kf6 34. Rf2
Kg7 35. Be3 Re8 36. Qd6 Qf5 37. Rg2 Qe6 38. Qd4+ Kg8 39. h4 Nc6 40. Qc5 Ne7 41.
h5 Nf5 42. hxg6 fxg6 43. Bd4 Ra8 44. Qxb5 Nxd4 45. cxd4 e3 46. Qb1 Ra6 47. f5
Rb6 48. Qf1 Qd5 49. fxg6 Kg7 50. Qa1 Rxg6 51. Qa7+ Kh6 52. Rxg6+ Kxg6 53. Qb6+
Kf5 54. Qb1+ Kg5 55. Qb6 Kf4 56. Qf6+ Ke4 57. Qg6+ Kxd4 58. Qb6+ Qc5 59. Qf6+
Kd3 60. Qg6+ Kd2 0-1

[Event "XXXV Miedzynarodowy Turniej Szachowy o Puchar Wojewody Dolnoslaskiego"]
[Site "Legnica"]
[Date "1899-12-30"]
[Round "5.5"]
[White "Cyborowski, Lukasz"]
[Black "Polok, Kacper"]
[Result "1-0"]
[WhiteTitle "GM"]
[BlackTitle "FM"]
[WhiteElo "2509"]
[BlackElo "2336"]

1. Nf3 e6 2. g3 f5 3. Bg2 Nf6 4. O-O Be7 5. d3 O-O 6. Nc3 d6 7. e4 fxe4 8. dxe4
e5 9. Nh4 Nc6 10. Nf5 Be6 11. h3 Qd7 12. g4 Rad8 13. Nd5 Kh8 14. Be3 Bxf5 15.
exf5 Na5 16. Qd3 Rfe8 17. Rad1 Bf8 18. Nxf6 gxf6 19. b4 Nc6 20. b5 Ne7 21. Bxb7
Rb8 22. Ba6 Nc8 23. a4 c6 24. bxc6 Qc7 25. Bb7 Rd8 26. c4 1-0

[Event "XXXV Miedzynarodowy Turniej Szachowy o Puchar Wojewody Dolnoslaskiego"]
[Site "Legnica"]
[Date "1899-12-30"]
[Round "6.1"]
[White "Hnydiuk, Aleksander"]
[Black "Polok, Kacper"]
[Result "0-1"]
[WhiteTitle "IM"]
[BlackTitle "FM"]
[WhiteElo "2423"]
[BlackElo "2336"]

1. Nf3 e6 2. g3 b5 3. Bg2 Bb7 4. O-O Nf6 5. b3 Be7 6. c4 a6 7. d3 O-O 8. e4 d6
9. Bb2 c5 10. Nbd2 Nc6 11. Re1 e5 12. Nh4 Ne8 13. Nf5 g6 14. Nxe7+ Qxe7 15. f4
Ng7 16. Nf1 Nd4 17. Ne3 b4 18. a4 Rae8 19. Rf1 f5 20. exf5 Bxg2 21. Nxg2 Ngxf5
22. g4 Nh4 23. Bxd4 cxd4 24. fxe5 Rxf1+ 25. Qxf1 Rf8 26. Qe2 Nf3+ 27. Kh1 Qxe5
28. Qxe5 Nxe5 29. Ne1 Rf2 30. Rc1 Kf7 31. Kg1 Rb2 32. c5 dxc5 33. Rxc5 Ke6 34.
Ra5 Rxb3 35. Rxa6+ Kd5 36. Rb6 Nxd3 37. Nxd3 Rxd3 38. Rxb4 Rd2 39. a5 Ra2 40.
Kf1 Ke4 41. Rb5 d3 42. Ke1 Rxh2 43. g5 Ra2 44. Kd1 Ke3 45. Re5+ Kd4 46. Rb5 Rg2
47. Ke1 Re2+ 48. Kd1 Kc4 49. Rb7 Ra2 50. Ra7 Kc3 51. Rc7+ Kd4 52. Rd7+ Ke3 53.
Re7+ Kf4 54. Rxh7 Rxa5 55. Rd7 Rxg5 56. Rxd3 Re5 57. Rd4+ Re4 58. Rd8 g5 59. Rf8+
Kg3 60. Kd2 g4 0-1

[Event "XXXV Miedzynarodowy Turniej Szachowy o Puchar Wojewody Dolnoslaskiego"]
[Site "Legnica"]
[Date "1899-12-30"]
[Round "6.2"]
[White "Sieciechowicz, Marcin"]
[Black "Cyborowski, Lukasz"]
[Result "1/2-1/2"]
[WhiteTitle "IM"]
[BlackTitle "GM"]
[WhiteElo "2366"]
[BlackElo "2509"]

1. d4 Nf6 2. c4 e6 3. Nc3 Bb4 4. e3 O-O 5. Nf3 d5 6. Bd3 c5 7. O-O dxc4 8. Bxc4
cxd4 9. exd4 b6 10. Bg5 Bb7 11. Ne5 Nbd7 12. Nxd7 Qxd7 13. Bxf6 gxf6 14. d5 Bxc3
15. bxc3 Bxd5 16. Qg4+ Kh8 17. Qh4 Bxc4 18. Qxf6+ Kg8 19. Qg5+ Kh8 20. Qf6+ Kg8
21. Qg5+ Kh8 22. Qf6+ Kg8 1/2-1/2

[Event "XXXV Miedzynarodowy Turniej Szachowy o Puchar Wojewody Dolnoslaskiego"]
[Site "Legnica"]
[Date "1899-12-30"]
[Round "6.3"]
[White "Kantans, Toms"]
[Black "Grela, Kacper"]
[Result "1-0"]
[WhiteTitle "GM"]
[BlackTitle "FM"]
[WhiteElo "2490"]
[BlackElo "2369"]

1. e4 c5 2. Nf3 Nc6 3. Bb5 Nf6 4. Nc3 g6 5. e5 Ng4 6. Bxc6 dxc6 7. O-O Bg7 8. Re1
O-O 9. d3 Nh6 10. Ne4 b6 11. Bf4 Ba6 12. a3 f6 13. Qd2 Nf5 14. b4 Nd4 15. bxc5
Nxf3+ 16. gxf3 fxe5 17. Bh6 Qd5 18. Bxg7 Kxg7 19. Re3 Rae8 20. Rae1 Bc8 21. cxb6
axb6 22. Ng3 Bh3 23. c4 Qd4 24. Re4 Qd6 25. Rh4 Bf5 26. Qh6+ Kf6 27. d4 Qxa3 28.
Nxf5 1-0

[Event "XXXV Miedzynarodowy Turniej Szachowy o Puchar Wojewody Dolnoslaskiego"]
[Site "Legnica"]
[Date "1899-12-30"]
[Round "6.5"]
[White "Dhulipalla, Bala Chandra Prasad"]
[Black "Solodovnichenko, Yuri"]
[Result "1-0"]
[WhiteTitle "IM"]
[BlackTitle "GM"]
[WhiteElo "2414"]
[BlackElo "2584"]

1. d4 d6 2. Bf4 g6 3. e3 Bg7 4. Nf3 Nd7 5. h3 e5 6. Bh2 Qe7 7. Be2 Ngf6 8. O-O
O-O 9. a4 Re8 10. Re1 Ne4 11. Na3 Nf8 12. Nc4 exd4 13. exd4 d5 14. Nce5 f6 15.
Nd3 Qf7 16. c3 c6 17. Nd2 Bh6 18. Nxe4 dxe4 19. Nc5 Nd7 20. Nb3 f5 21. a5 f4 22.
Nd2 Nf6 23. Nc4 f3 24. gxf3 exf3 25. Nd6 fxe2 26. Rxe2 Qf8 27. Qb3+ Kh8 28. Nxe8
Nxe8 29. Rae1 Nf6 30. Re7 Bxh3 31. Rf7 Qg8 32. Ree7 Rf8 33. Be5 Bg5 34. Qxb7 Rxf7
35. Rxf7 1-0

[Event "XXXV Miedzynarodowy Turniej Szachowy o Puchar Wojewody Dolnoslaskiego"]
[Site "Legnica"]
[Date "1899-12-30"]
[Round "7.1"]
[White "Solodovnichenko, Yuri"]
[Black "Hnydiuk, Aleksander"]
[Result "1-0"]
[WhiteTitle "GM"]
[BlackTitle "IM"]
[WhiteElo "2584"]
[BlackElo "2423"]

1. e4 Nf6 2. e5 Nd5 3. d4 d6 4. Nf3 dxe5 5. Nxe5 c6 6. Be2 Bf5 7. O-O Nd7 8. Nf3
e6 9. c4 N5f6 10. Nc3 Ne4 11. Nxe4 Bxe4 12. Ng5 Bg6 13. d5 exd5 14. cxd5 Be7 15.
dxc6 bxc6 16. Nf3 O-O 17. Bf4 Bf6 18. Rc1 Bxb2 19. Rxc6 Nf6 20. Qb3 Qd5 21. Rc4
Rae8 22. Rd1 Rxe2 23. Rxd5 Nxd5 24. Bd2 Bf6 25. Ra4 Rd8 26. h3 Be4 27. Ba5 Bc2
28. Qc4 Rde8 29. Ra3 Bb2 30. Nd4 R2e4 31. Rf3 Nf4 32. Rxf4 Rxf4 33. Qb5 Ba4 34.
Qxb2 h6 35. Bd2 Rfe4 36. Nf5 1-0